| 000 | 00397cam a2200169ua 4500 | ||
|---|---|---|---|
| 001 | 3258 | ||
| 008 | 131203n II |||gr||||Z||||||eng | ||
| 040 | _aMAIN | ||
| 041 | _aEnglish | ||
| 082 | _a028.7 SMI | ||
| 100 | _aSMITH, HARRY W. | ||
| 245 | _aTHE ART OF MAKING FURNITURE IN MINIA TUNE | ||
| 260 |
_a[s.l: _bs.n.] _c1982. |
||
| 300 |
_a288: _c20CM. |
||
| 653 | _aReference Books | ||
| 942 | _cBK | ||
| 999 |
_c3246 _d3246 |
||